Statistiques concernant Paroles - Marilyn et John - Vanessa Paradis

Cliquez ici pour prendre le quiz!

Statistiques générales

  • Ce quiz a été pris 241 fois
    (205 depuis la dernière actualisation)
  • Le résultat moyen est 146 sur 172

Statistiques - réponses

Réponses% Correct
à
99%
du
99%
elle
99%
Elle
99%
Et
99%
et
99%
John
99%
Marilyn
99%
De
96%
de
96%
le
96%
un
96%
Un
96%
lion
95%
des
94%
d'un
94%
d'une
94%
étoile
94%
sa
93%
pense
92%
une
90%
chanson
89%
C'est
88%
c'est
88%
mariage
86%
qu'à
86%
Dans
85%
en
85%
Rien
85%
son
84%
Sur
84%
sur
84%
amour
82%
s'invente
82%
chansons
80%
bouche
78%
ni
78%
Ni
78%
chante
77%
qui
77%
Entre
73%
nom
73%
peint
73%
triste
72%
deux
71%
gaie
71%
bain
70%
interviews
70%
fredonne
69%
voix
69%
amoureuse
68%
secret
68%
sourire
68%
trois
68%
change
67%
puis
66%
soupir
66%
l'histoire
65%
prénoms
65%
swing
64%
mystère
63%
Au
62%
appelle
61%
attend
61%
d'état
61%
l'amour
61%
mousse
60%
ministères
59%
secrétaires
57%
téléphone
56%
fou
52%

Distribution des résultats

Percentile par nombre de réponses

% des personnes avec chaque résultat

Votre développement - résultats

Vous n’avez pas pris ce quiz depuis la dernière actualisation